00442cam a2200181ua 45000010005000000080039000050200015000440400009000590410008000680820011000761000026000872450061001132500009001742600031001833000014002146530018002286530014002468398150129n xxk |||gr||||Z||||||eng a0415234727 cMAIN aeng a822.33 aLoppolo, G.,eEditor.1 aWilliam Shakespeare`s king learcEdited by Grace loppolo a1st. aLondon:bRoutledge,c2004. axii,192p. aEnglish drama aKing lear